000 01130cam a2200301 4500
001 X113640
008 010712n2001 000 0 eng u
035 _a(Sirsi) u113640
100 _aYoung, C.
245 _aPlanning together to deliver mixed use/mixed tenure
260 _c2001
490 _aAxis
_v56(3) June-July 2001, 12-13(2)
520 _aSummarises Mayor Ken Livingstone's proposals for the capital in the draft London plan and looks at the lessons learned by house builder St George in previous mixed use developments and how partnerships between the Housing Corporation, local authorities, registered social landlords (RSLs) and the private sector can bring about an urban renaissance.
650 _aDRAFT LONDON PLAN
650 _aGLA
650 _aGREAT LONDON ASSEMBLY
650 _aLOCAL AUTHORITIES
650 _aLONDON
650 _aMAYOR OF LONDON
650 _aMAYOR'S LONDON PLAN
650 _aMIXED-USE DEVELOPMENTS
650 _aPRIVATE SECTOR
650 _aPUBLIC SECTOR
650 _aREGISTERED SOCIAL LANDLORDS
650 _aRSLS
690 _aHOUSING-DEVELOPMENT
942 _n0
999 _c67715
_d67715